Freedom from year / (Record no. 2396)
[ view plain ]
| 000 -LEADER | |
|---|---|
| fixed length control field | 00412cam a2200169ua 4500 |
| 041 ## - LANGUAGE CODE | |
| Language code of text/sound track or separate title | eng |
| 082 ## - DEWEY DECIMAL CLASSIFICATION NUMBER | |
| Classification number | 320.58 |
| Item number | JAW/FR |
| 100 ## - MAIN ENTRY--AUTHOR NAME | |
| Personal name | Jawaharlal, Nehru . |
| 245 ## - TITLE STATEMENT | |
| Title | Freedom from year / |
| 260 ## - PUBLICATION, DISTRIBUTION, ETC. (IMPRINT) | |
| Place of publication | Newdelhi : |
| Name of publisher | Gandhi smaraka nidhi , |
| Year of publication | 1960. |
| 300 ## - PHYSICAL DESCRIPTION | |
| Number of Pages | 74 ; . |
| 942 ## - ADDED ENTRY ELEMENTS (KOHA) | |
| Koha item type | Books |
| Withdrawn status | Lost status | Damaged status | Home library | Current library | Date acquired | Full call number | Accession Number | Koha item type | Public note |
|---|---|---|---|---|---|---|---|---|---|
| Withdrawn | KAUAET | KAUAET | 07/04/2012 | 320.58 | 3384 | Books | Deleted |
